000
00279nam a22001217a 4500
008
180924b xxu||||| |||| 00| 0 eng d
041
_a
eng
080
_a
159.9
100
_a
49
101
_a
PSI
245
_a
Transactional Analysis in Psychotherapy
_c
Berne, E
942
_2
udc
_c
BK
999
_c
48394
_d
48394